000 00371nam a2200145Ia 4500
008 240624s9999 xx 000 0 und d
041 _aeng
082 _a346.07 JAI
100 _aJAIN D K
245 _aLAW AND PROCEDURE OF LIMITED LIABILITY P
250 _a(2nd ed.)
260 _c2009
_aNew Delhi
_bBharat Law House Pvt. Ltd.
300 _a756 : p.
365 _cRS
_b15
999 _c20813
_d20813